Athletic Club Bilbao Current Squad - Hard Version - Statistics

General Stats
  • This quiz has been taken 108 times
    29 since last reset
  • The average score is 28 of 56
Answer Stats
# Position Nation Player Name % Correct
1 GK Spain Unai Simón
100%
3 DF Spain Daniel Vivian
96%
9 FW Ghana Iñaki Williams
96%
11 FW Spain Gorka Guruzeta
92%
10 FW Spain Nico Williams
92%
4 DF Spain Aitor Paredes
88%
8 MF Spain Oihan Sancet
88%
20 MF Spain Unai Gómez
88%
27 GK Mexico Álex Padilla
84%
17 DF Spain Yuri Berchiche
84%
7 FW Spain Álex Berenguer
80%
2 DF Spain Andoni Gorosabel
80%
16 MF Spain Iñigo Ruiz de Galarreta
76%
21 FW Morocco Maroan Sannadi
76%
18 MF Spain Mikel Jauregizar
76%
6 MF Spain Mikel Vesga
76%
5 DF Spain Yeray Álvarez
76%
19 DF Senegal Adama Boiro
72%
15 DF Spain Iñigo Lekue
72%
12 DF Spain Jesús Areso
72%
22 FW Spain Nico Serrano
68%
23 FW Spain Robert Navarro
68%
25 FW Spain Urko Izeta
68%
30 FW Spain Alejandro Rego
60%
- Coach Spain Ernesto Valverde
60%
24 MF Spain Beñat Prados
52%
35 MF Spain Ibon Sánchez
52%
26 GK Spain Mikel Santos
52%
44 FW Spain Selton Sánchez
52%
- MF Spain Peio Canales
48%
- GK Spain Julen Agirrezabala
44%
31 FW Spain Asier Hierro
40%
34 DF Spain Jon de Luis
40%
- DF Spain Unai Egiluz
40%
40 MF Spain Elijah Gift
36%
33 FW Spain Adrián Pérez
32%
29 FW Spain Beñat García
32%
- FW Spain Aingeru Olabarrieta
28%
- MF Spain Beñat Gerenabarrena
28%
- DF Spain Hugo Rincón
28%
- FW Spain Iker Varela
28%
- GK Spain Oier Gastesi
24%
39 GK Spain Simón García
24%
- MF Spain Unai Vencedor
24%
- FW Spain Álvaro Djaló
16%
36 DF Spain Txus Vizcay
16%
38 DF Spain Ander Izaguirre
12%
28 GK Spain Eric Gamen
12%
46 FW Spain Gaizka Alboniga-Menor
12%
32 MF Spain Peio Huestamendia
12%
- FW Spain Ekain Azkune
8%
37 DF Spain Miguel Barandalla
8%
42 DF Spain Wilfred Egosa Nomayo
8%
43 DF Spain David Osipov
4%
45 MF Spain Telmo Zarandona
4%
41 MF Spain Adrián Lekuna
0%
No matching quizzes found
Score Distribution
Percent of People with Each Score
Percentile by Number Answered
Your Score History
You have not taken this quiz since the last reset